000 00617nam a2200217Ia 4500
003 GCL
008 140319s9999 xx 000 0 eng d
020 _a0534384471
040 _aGCL /
_cGCL
082 0 4 _a006.33
_bG E
100 1 _aGIARRATANO, JOSEPH . C
245 1 0 _aEXPERT SYSTEMS :
_bPRINCIPLES AND PROGRAMMING /
_cGIARRATANO, JOSEPH . C
700 1 _aRILEY, GARY D .
260 _aاستراليا :
_bTHOMSON . BROOKS\COLE ،
_c2005
300 _a24 CM ؛
_c842 P
650 0 4 _aEXPERT SYSTEMS
650 0 4 _aINFORMATION SYSTEMS
650 0 4 _aKNOWLEDGE THEORY
650 0 4 _aREASONING
942 _2ddc
_cBK
999 _c8170
_d8170